000 004320000a22001810004500
003 MACL
005 20151222171617.0
008 151222b xxu||||| |||| 00| 0 eng d
040 _aMACL
_cMACL
041 _aEnglish
082 _a700
100 _aMunz, Ludwig
_922276
245 _aRembrandt
_bRembrandt Harmensz Van Rijn
260 _bThames and Hudson
_c1954
350 _a81
650 _aArts
_922277
942 _cBK
_k700
_2ddc
999 _c39719
_d39719